Normal view
MARC view
- Pasalagua Noria, Rosario
Entry Nombre Personal
001 - NUMERO DE CONTROL
- campo de control: 39010
003 - IDENTIFICADOR DE NUMERO DE CONTROL
- campo de control: UPN
005 - FECHA Y HORA DE LA ÜLTIMA TRANSACCIÓN
- campo de control: 20231115151159.0
008 - DATOS DE LONGITUD FIJA
- campo de control de longitud fija: nabaccnnaabn|||||||||| b |nc|||||d
035 ## - NUMERO DE CONTROL
- Número de control: UPN11000011117
040 ## - FUENTE DE CATALOGACIÓN
- Lenguaje de catalogación: SPA
- Agencia de transcripción: UPN
- Agencia original de catalogación: MX-MxUPN
100 1# - ENCABEZAMIENTO - NOMBRE PERSONAL
- Nombre personal: Pasalagua Noria, Rosario
400 1# - VEÁSE - NOMBRE DE PERSONA
- Personal name: Pasalagua Noria, María del Rosario
670 ## - FUENTE EN LA QUE SE LOCALIZARON DATOS
- Cita de la fuente: T
- Información localizada: La educación inicial en comunidades indígenas
670 ## - FUENTE EN LA QUE SE LOCALIZARON DATOS
- Cita de la fuente: Guía-cuaderno de exploración del medio sociocultural, 2013 :
- Información localizada: reverso de la portada (María del Rosario Pasalagua Noria)
902 ## - CATALOGADOR
- Catalogador: MMA/ 300816
